Statistics for Biggest Cities in Liechtenstein

Click here to take the quiz!

General Stats

  • This quiz has been taken 673 times
    (672 since last reset)
  • The average score is 3 of 10

Answer Stats

Pop.City% Correct
4,927Vaduz
100%
5,454Schaan
40%
4,381Triesen
25%
4,233Balzers
24%
3,791Eschen
20%
2,556Triesenberg
20%
3,288Mauren
19%
1,744Ruggell
16%
1,159Gamprin
15%
975Schellenberg
15%

Score Distribution

Percentile by Number Answered

Percent of People with Each Score

Your Score History

You have not taken this quiz since the last reset